| 000 | 00510nam a22001697a 4500 | ||
|---|---|---|---|
| 005 | 20251108172656.0 | ||
| 008 | 250721s1996 xx 000 0 ara d | ||
| 082 | 1 | 4 | _a910/عزي |
| 100 | 1 | _aالعزيزي، هاني عبد الرحيم | |
| 245 | 1 | 0 |
_aجغرافيا للجميع : _b50 نشاط علمي مفيد ومسلي / |
| 264 | 1 |
_aعمان : _bدار النبراس، _c1996. |
|
| 300 | _a163ص | ||
| 650 | 1 | 7 | _aالجغرفيا |
| 650 | 1 | 7 | _aالتجارب |
| 942 |
_2ddc _cBK |
||
| 999 |
_c85634 _d85634 |
||